000 00310nam a22001097a 4500
008 170110b xxu||||| |||| 00| 0 eng d
020 _a9780803611597
041 _aeng
080 _22ND
_a618.2
245 _aNURSE PRACTITIONER CERTIFICATION EXAMINATION AND PRACTICE PREPARATION
_cFITZGERALD, M.A
942 _2udc
_cBK
999 _c2660
_d2660